Contra la memoria / (Record no. 183349)

MARC details
000 -LEADER
campo de control de longitud fija 00848nam a2200265 i 4500
001 - NÚMERO DE CONTROL
campo de control 183349
003 - IDENTIFICADOR DE NÚMERO DE CONTROL
campo de control ES-MaACL
005 - FECHA Y HORA DE LA ÚLTIMA TRANSACCIÓN
campo de control 20231219062542.0
008 - DATOS DE LONGITUD FIJA--INFORMACIÓN GENERAL
campo de control de longitud fija 140327s2012 sp | |||||||| | spa d
020 ## - NÚMERO INTERNACIONAL ESTÁNDAR DEL LIBRO
Número Internacional Estándar del Libro 978-84-9992-119-8
080 ## - NÚMERO DE LA CLASIFICACIÓN DECIMAL UNIVERSAL
Número de la Clasificación Decimal Universal 316.644:94
100 1# - ENTRADA PRINCIPAL--NOMBRE DE PERSONA
Nombre de persona Rieff, David.
9 (RLIN) 154632
245 10 - MENCIÓN DEL TÍTULO
Título Contra la memoria /
Mención de responsabilidad, etc. David Rieff ; traducción de Aurelio Major.
250 ## - MENCION DE EDICION
Mención de edición 1ª ed.
260 ## - PUBLICACIÓN, DISTRIBUCIÓN, ETC.
Lugar de publicación, distribución, etc. [Barcelona] :
Nombre del editor, distribuidor, etc. Debate,
Fecha de publicación, distribución, etc. 2012.
300 ## - DESCRIPCIÓN FÍSICA
Extensión 116 p. ;
Dimensiones 24 cm.
490 1# - MENCIÓN DE SERIE
Mención de serie [Debate ensayo]
650 #4 - PUNTO DE ACCESO ADICIONAL DE MATERIA--TÉRMINO DE MATERIA
Término de materia o nombre geográfico como elemento de entrada Memoria colectiva.
9 (RLIN) 154633
700 1# - ENTRADA AGREGADA--NOMBRE PERSONAL
Nombre de persona Major, Aurelio.
9 (RLIN) 154634
830 0# - PUNTO DE ACCESO ADICIONAL DE SERIE-TÍTULO UNIFORME
Título uniforme [Debate ensayo]
9 (RLIN) 182935
852 ## - LOCALIZACIÓN
Ubicación ES-MaACL
Número de control de estantería A-13087
itemnumber 190288
Sublocalización o colección R.149944
Ubicación en estantería Depósito 1
Signatura antigua Olim: N-6087
Donativo/Legado Donación: José Luis Abellán
903 ## - NOMBRE PERSONAL DE DONANTE
a Abellán, José Luis,
d 1933-2023
e Donante
9 176509
942 ## - ELEMENTOS DE ENTRADA SECUNDARIOS (KOHA)
Fuente del sistema de clasificación o colocación Clasificación decimal universal
Tipo de ítem Koha Libro impreso
Holdings
Estatus retirado Estado de pérdida Fuente del sistema de clasificación o colocación Estado de daño No para préstamo Biblioteca de origen Biblioteca actual Ubicación en estantería Fecha de adquisición Fuente de adquisición Total de préstamos Signatura topográfica completa Código de barras Visto por última vez Precio de reemplazo Tipo de ítem Koha
    Clasificación decimal universal     Biblioteca del Ateneo de Madrid Biblioteca del Ateneo de Madrid Depósito 1 27/03/2014 Donación   A-13087 1192715 23/02/2023 23/02/2023 Libro impreso